Report on the revision of the flair selling prices of caustic soda, chlorine, hydochlorine acid and bleaching powder (Record no. 498014)

000 -LEADER
fixed length control field 00405cam a22001097a 4500
008 - FIXED-LENGTH DATA ELEMENTS--GENERAL INFORMATION
fixed length control field 180718b1961 xxu||||| |||| 00| 0 eng d
082 ## - DEWEY DECIMAL CLASSIFICATION NUMBER
Classification number T394x54 B61/3
100 ## - MAIN ENTRY--PERSONAL NAME
Personal name Tariff Commission
245 ## - TITLE STATEMENT
Title Report on the revision of the flair selling prices of caustic soda, chlorine, hydochlorine acid and bleaching powder
Statement of responsibility, etc. by Tariff Commission, India
260 ## - PUBLICATION, DISTRIBUTION, ETC.
Place of publication, distribution, etc. Delhi
Name of publisher, distributor, etc. Government of India
Date of publication, distribution, etc. 1961
300 ## - PHYSICAL DESCRIPTION
Extent 41+p
Holdings
Withdrawn status Lost status Damaged status Not for loan Permanent Location Current Location Date acquired Full call number Barcode Date last seen Price effective from Koha item type
        Indian Institute of Public Administration Indian Institute of Public Administration 2018-08-04 T394x54 B61/3 GG1194 2018-08-04 2018-08-04 GG

Powered by Koha